GEOGRAPHIC information systems for resource management: a compendium

Bibliographic Details
Format: Book
Published: Falls Church, VA : American Society for Photogrammetry and Remote Sensing , 1987
Subjects:

MARC

LEADER 00000cam a2200000 7i4500
001 0000000994
005 20010605.0
020 0 0 |a 0937294896 
090 0 0 |a 910.285   |b GEO 1987 
245 0 0 |a GEOGRAPHIC information systems for resource management: a compendium   |c William J. Ripple, editor 
260 0 0 |a Falls Church, VA :   |b American Society for Photogrammetry and Remote Sensing ,   |c 1987 
300 |a v, 288 p. :   |b ill., maps (some col.) ;   |c 28 cm. 
500 0 0 |a Bibliography: (p. 274-288) 
650 0 0 |a Geographic information systems 
998 |a JPSM 
999 |a 0000002202   |b Monograph   |c Open Shelf   |e Default branch